| 000 | 00737nam a2200217 a 4500 | ||
|---|---|---|---|
| 001 | 000012602 | ||
| 005 | 20240530073914.0 | ||
| 008 | 091113s1997 dr 000 f spa d | ||
| 020 | _a8489539308 | ||
| 040 |
_aDO-SdBNP _bspa _cBNPHU |
||
| 082 |
_aRD863.44 _bP438d |
||
| 100 | 1 |
_aPérez, Norvo A. _d1925- _929299 |
|
| 245 | 1 | 3 |
_aEl destino de Mencía Mendieta / _cNorvo A., Pérez. |
| 260 |
_aSanto Domingo : _bColores; Universidad Central del Este (UCE), _c1997. |
||
| 300 |
_a184 p. ; _c21 cm. |
||
| 500 | _aIncluye datos biográficos del autor en la contracubierta | ||
| 590 | _aLa biblioteca posee 1 copia autografíada por el autor. | ||
| 650 | 0 |
_aNovela dominicana _9223 |
|
| 650 | 0 |
_aLiteratura dominicana. _967 |
|
| 049 | _aBNPD | ||
| 999 |
_c12257 _d12257 |
||